| 000 | 01045cam a2200301 a 4500 | ||
|---|---|---|---|
| 001 | 015777389 | ||
| 003 | OSt | ||
| 005 | 20150324154508.0 | ||
| 008 | 110316t2012 njua frd 001 0 eng d | ||
| 020 | _a9780132668880 (pbk.) | ||
| 020 | _a0132668882 (pbk.) | ||
| 040 |
_aStDuBDS _beng _cStDuBDS _dUk _dEG-ScBUE |
||
| 082 | 0 | 4 |
_a621.3815 _222 _bFLO |
| 100 | 1 |
_aFloyd, Thomas L. _923350 |
|
| 245 | 1 | 0 |
_aElectronic devices : _bconventional current version / _cThomas L. Floyd. |
| 250 | _a9th ed., International ed | ||
| 260 |
_aNew Jersey : _bPearson Education, Inc., _cc.2012. |
||
| 300 |
_axv, 958 p. : _bill. (col.) ; _c28 cm. |
||
| 500 | _aPrevious ed. : Upper Saddle River, N.J. : Pearson Prentice Hall, 2008. | ||
| 500 | _aIndex : p. 951-958. | ||
| 500 | _aGlossary : p. 944-950. | ||
| 650 | 0 |
_aElectronic apparatus and appliances _911507 |
|
| 650 | 0 |
_aSolid state electronics _936940 |
|
| 653 |
_bENGELC _cMarch2015 |
||
| 655 |
_vreading book _934232 |
||
| 942 |
_2ddc _k621.3815 FLO |
||
| 999 |
_c19114 _d19086 |
||